000 00960nam a2200445 a 4500
000 BKB
001 154101
005 20200902161212.0
008 170304 ### HIN
010 _a
020 _a9780387980973
082 _a515
_bD28R
100 _aDavidson, Kenneth R.
110 _a
245 _aReal analysis and applications theory in practice
_cby Kenneth R. Davidson and Allan P. Donsig
250 _a
260 _aNew York
_bSpringer
_c2010
300 _axii, 513p.
490 _aUndergraduate Texts in Mathematics
_v
500 _a
600 _a
610 _a
611 _a
630 _a
650 _a
651 _a
654 _a
690 _aReal analysis
700 _aDonsig, Allan P.
_b
_c
710 _a
_b
_c
711 _a
720 _a
730 _a
740 _a
752 _a
856 _a
_d
_f
904 _a
964 _a
_bENG
_c
_d
_e
_f
_g
965 _a
999 _c16682
_d16682